Revolúcia v Opere SND

Bibliographic Details
Main Author: Čavojský, Ladislav, 1932-2014 (Author)
Format: Article
Language:Slovak
ISSN:0862-5999
Subjects:

MARC

LEADER 00000nab a2200000 a 4500
001 vtls000826537
003 SK-MaSNL
005 20260426063727.0
008 140423c2003 xo 0 slo
015 |a SNBRB2003/03-06561 
035 |a CLN000178192 
040 |a SNKBUCL  |b slo  |c SNKBUCL  |e AACR2 
041 0 |a slo 
044 |a xo  |c SK 
080 |a 792.5  |2 1997 
100 1 |a Čavojský, Ladislav,  |d 1932-2014  |4 aut  |9 101804 
245 1 0 |a Revolúcia v Opere SND  |c Ladislav Čavojský 
600 1 7 |a Giordano, Umberto,  |d 1867-1948  |t Andrea Chénier  |2 snkbucl  |9 320014 
610 7 |a Slovenské národné divadlo.  |b Opera  |2 snkbucl  |9 65024 
651 7 |a Bratislava (Slovensko)  |2 snkbucl  |9 14568 
655 7 |a články z novín a časopisov  |2 snkbucl  |9 267496 
773 0 |t Literárny týždenník  |g Roč. 16, č. 4 (2003), s. 11  |x 0862-5999 
850 |a Slovenská národná knižnica v Martine 
852 |a SNK  |b KIS3GCP 
958 |a RC 
992 |a RBX 
999 |c 2562575  |d 2564505